Länder, die auf -land enden - Sudden Death - Statistiken

Allgemein
  • Dieses Quiz wurde 595 mal gespielt
  • Das Durchschnittsergebnis liegt bei 5 aus 10
Answers on the Grid
Answers color-coded by a green-red scale on the quiz's grid according to % correct below.
Ir-
Is-
Thai-
Russ-
Neusee-
Lett-
Est-
Finn-
Griechen-
Deutsch-
Tai-
Kauf-
Schweiz-
Nord-
Eng-
Schott-
Bela-
Ukra-
Togo-
Port-
Herze-
It-
Lapp-
Nordir-
 
Antwortstatistiken
Antwort % Korrekt
Griechen-
51%
Russ-
51%
Deutsch-
50%
Neusee-
49%
Thai-
48%
Est-
47%
Finn-
46%
Lett-
46%
Is-
44%
Ir-
42%
Keine übereinstimmenden Quizze gefunden
Verteilung der Resultate
Anzahl Personen mit jedem Resultat
Perzentil nach korrekt beantworteten Fragen
Ihre Resultats-Entwicklung
Sie haben dieses Quiz noch nicht gespielt